Encyclopedia of modern knowledge (Record no. 193629)

000 -LEADER
fixed length control field 00848 a2200193 4500
003 - CONTROL NUMBER IDENTIFIER
control field Nust
005 - DATE AND TIME OF LATEST TRANSACTION
control field 20170207154102.0
040 ## - CATALOGING SOURCE
Transcribing agency Nust
082 ## - DEWEY DECIMAL CLASSIFICATION NUMBER
Classification number 001.03
100 ## - MAIN ENTRY--PERSONAL NAME
Personal name Sir John Hammerton
245 ## - TITLE STATEMENT
Title Encyclopedia of modern knowledge
Statement of responsibility, etc. Sir John Hammerton(Ed)
250 ## - EDITION STATEMENT
Remainder of edition statement Vol 5
260 ## - PUBLICATION, DISTRIBUTION, ETC.
Place of publication, distribution, etc. London
Name of publisher, distributor, etc. The amalgamated press ltd
300 ## - PHYSICAL DESCRIPTION
Extent 584 pages
500 ## - GENERAL NOTE
General note Encyclopedia
505 ## - FORMATTED CONTENTS NOTE
Formatted contents note 1.Anthropology (page 2337)2.Archaeology(page 2525)3.Architecture(page 2361)4.Astronomy(page 2389)5.Biology(page 2713)6.Economics(page 2433)7.Engineering(page 2501)8.Fine Arts(page 2395)9.Geography(page 2729)10.Geology(page 2613)11.Literature(page 2313)12.Science:History(page 2349)13.Sexology(page 2460)14.Social life:ancient(page 2323)15.Social life :Modern(page 2375)
538 ## - SYSTEM DETAILS NOTE
System details note Almirah No.19 Shelf No.1
650 ## - SUBJECT ADDED ENTRY--TOPICAL TERM
Topical term or geographic name entry element Encyclopedia of modern knowledge
942 ## - ADDED ENTRY ELEMENTS (KOHA)
Koha item type Reference
Holdings
Withdrawn status Lost status Source of classification or shelving scheme Damaged status Not for loan Collection code Permanent Location Current Location Date acquired Total Checkouts Full call number Barcode Date last seen Price effective from Koha item type
            Military College of Signals (MCS) Military College of Signals (MCS) 12/12/2016   001.03 ENC MCS30063 12/08/2016 12/12/2016 Book
            Military College of Signals (MCS) Military College of Signals (MCS) 12/12/2016   001.03 ENC MCS30065 12/08/2016 12/12/2016 Book
            Military College of Signals (MCS) Military College of Signals (MCS) 12/12/2016   001.03 ENC MCS30070 12/08/2016 12/12/2016 Book
            Military College of Signals (MCS) Military College of Signals (MCS) 12/12/2016   001.03 ENC MCS30084 12/08/2016 12/12/2016 Book
            Military College of Signals (MCS) Military College of Signals (MCS) 12/12/2016   001.03 ENC MCS30092 12/08/2016 12/12/2016 Book
© 2023 Central Library, National University of Sciences and Technology. All Rights Reserved.